Definicje Starożytny Bliski Wschód - Statystyki

Ogólne statystyki
  • Ten quiz został rozwiązany 97 razy
  • Średni wynik to 15 z 37
Statystyki odpowiedzi
Definicja Odpowiedź % Poprawnych
okręg administracyjny w Egipcie. nom
86%
urzędnik stojący na czele okręgu administracyjnego w Egipcie nomarcha
71%
staroperska religia. mazdaizm
60%
najpowszechniejszy tytuł władców sumeryjskich. lugal
54%
niewolnik z akadyjskiego. wardum
54%
kilkuspotniowa wieża na planie kwadratu, towarzysząca zazwyczaj największym świątyniom mezopotamskim. zikkurat
54%
termin określający pełnoprawnego obywatela Babilonii. awilum
51%
nazwa prowincji w imperium perskim. satrapia
51%
babilońskie święto Nowego Roku. Akitu
49%
cieszący się dużą autonomią namiestnik prowincji w imperium perskim. satrapa
49%
termin geograficzny i kulturowy, określający większą część starożytnego Bliskiego Wschodu. Żyzny Półksiężyc
49%
termin geograficzny określający stepową część środkowej i północnej Mezopotamii. Dżezira
46%
pierwotnie oznaczał wysokiego rangą kapłana odpowiedzialnego za budowe świątyni. Od czasów Sargona oznaczał podporządkowanego królowi namiestnika prowincji. ensi
46%
nazwa godności urzędniczej sprawowanej w poszczególnych latach panowania danego władcy, czas pełnienia funkcji trwał rok. Imiona tych urzędników wykorzystawano do datowania dokumentów i rachuby czasu. limmu
46%
grobowce egipskie w formie dwu- lub trzystopniowych platform. mastaba
46%
świat zmarłych w mitologii mezopotamskiej. kur
43%
sztuczne wzgórze, kryjące w sobie ruiny starożytnego miasta. tell
43%
najdłuższy i najważniejszy wykaz urzędników limmu. Kanon Eponymów
40%
warstwa społeczna w Babilonii obejmująca ludzi na służbie wojskowej, funkcjonariuszy i pracowników królewskich związanych z majątkami królewskimi. muszkenowie
40%
władza królewska - w znaczeniu nadanych przez Boga praw do rządzenia państwem. nam-lugal
40%
tytuł naczelnika okręgu administracyjnego w Babilonii lub Asyrii. bel pihatim
37%
najwyższy funkcjonariusz administracji państwowej w kasyckiej Babilonii. guenna
37%
rodzaj inskrypcji w formie kamienia granicznego, zawierający tekst o nadaniu majątków królewskich w użytek osobie prywatnej. kudurru
37%
rada i drużyna królewska w państwie hetyckim pankus
37%
nazwa babilońskich tekstów historyczno-chronologicznych. listy lat
34%
system datacji polegający na używaniu rozbudowanych zdań i ważnych wydarzeń. określenie roczne
34%
dowódca wojskowego garnizonu prowincjalnego w czasach III dynastii z Ur. szagina
34%
przedstawiciel króla dokonujący sprawdzania funkcjonowania prowincji. mar szipri
31%
nazwa okręgu administracyjnego lub całej prowincji w Babilonii. pihatu
31%
tytuł i często imię tronowe małżonek hetyckich władców. tawanna
31%
język, w którym rdzenie nie zmieniają swej formy podstawowej w toku deklinacji lub koniugacji. język aglutynacyjny
29%
najpospolitszy tytuł namiestnika prowincji w Babilonie lub Asyrii szakinu
26%
funkcjonariusz stojący na czele administracji centralnej państwa w czasach III dynastii z Ur. sukkal-mah
23%
tytuł władcy Mari. szakkanakku
23%
najwyższy urzędnik administracyjny w imperium asyryjskim i głownodowodzący armii. turtanu
23%
naczynia kultowe, zazwyczaj wykonane z cennego metalu, w których przechowywano usunięte podczas mumifikacji organy. urny konopskie
23%
dzielnica handlowa w mieście. kanum
17%
Nie znaleziono quizów pasujących do podanych kryteriów
Rozkład punktacji
Procent ludzi z każdym wynikiem
Percentyl według liczby udzielonych odpowiedzi
Twoja historia wyników
Nie rozwiązałeś tego quizu